Vai trò của người Hoa đối với nền kinh tế các nước Đông Nam á Luận văn tốt nghiệp Đại học Sư phạm ngành Sử Khóa 17

Sparad:
Bibliografiska uppgifter
Huvudupphovsman: Phạm Thúy Hằng
Materialtyp: Bok
Språk:Undetermined
Publicerad: Cần Thơ Trường Đại học Cần Thơ, Khoa Sư phạm, Bộ môn Sử 1995
Ämnen:
Taggar: Lägg till en tagg
Inga taggar, Lägg till första taggen!
Thư viện lưu trữ: Trung tâm Học liệu Trường Đại học Cần Thơ
LEADER 00749nam a2200193Ia 4500
001 CTU_27031
008 210402s9999 xx 000 0 und d
082 |a 306 
082 |b H116/1995 
100 |a Phạm Thúy Hằng 
245 0 |a Vai trò của người Hoa đối với nền kinh tế các nước Đông Nam á 
245 0 |b Luận văn tốt nghiệp Đại học Sư phạm ngành Sử Khóa 17 
245 0 |c Phạm Thúy Hằng 
260 |a Cần Thơ 
260 |b Trường Đại học Cần Thơ, Khoa Sư phạm, Bộ môn Sử 
260 |c 1995 
650 |a sociology 
904 |i Nguyễn Quang Điền, 981026 
980 |a Trung tâm Học liệu Trường Đại học Cần Thơ